Estudios monetarios IV. Seminario de comercio exterior con auspicio de la O.E.A. y colaboración del A.I.D

Gardado en:
Detalles Bibliográficos
Autor Corporativo: Banco Central de Chile (Author)
Formato: Libro
Idioma:Lingua castelá
Publicado: Santiago Banco Central de Chile 1976
Subjects:
Tags: Engadir etiqueta
Sen Etiquetas, Sexa o primeiro en etiquetar este rexistro!

MARC

LEADER 00000nam a2200000 a 4500
001 UCR9413
003 CL-VaPUC
008 980613e19760000CL |||||||||||||||||spa|d
082 0 4 |a 332.4983  |b BAN  |2 21 
110 2 |a Banco Central de Chile  |e author  |9 411934 
245 1 0 |a Estudios monetarios IV. Seminario de comercio exterior con auspicio de la O.E.A. y colaboración del A.I.D 
300 |a 148 p 
942 |c BK 
945 |d 19980613 00:00:00  |a crobeson 
260 |a Santiago  |b Banco Central de Chile  |c 1976 
650 0 |a Economía financiera  |9 359635 
650 0 |a Política monetaria  |9 258279 
650 0 |a Comercio exterior  |9 257617 
650 0 |a Bancos  |9 254963 
650 7 |a INSTITUCIONES FINANCIERAS  |2 CL-VaPUC  |9 257940 
651 7 |a CHILE  |2 CL-VaPUC  |9 411935 
583 |a last modification  |c 19980613 00:00:00  |k Rodrigo Vera 
999 |c 270611  |d 270609 
952 |0 0  |1 0  |4 0  |6 332_498300000000000_BAN_1976  |7 0  |8 A  |9 304958  |a BIBENE  |b BIBENE  |d 2019-11-20  |i 1411993  |o 332.4983 BAN 1976  |p 1411993  |r 2025-01-15  |w 2019-11-20  |y BK  |k ICO 
952 |0 0  |1 0  |4 0  |6 332_498300000000000_BAN_1976  |7 0  |8 A  |9 304959  |a BIBENE  |b BIBENE  |d 2019-11-20  |i 1413007  |o 332.4983 BAN 1976  |p 1413007  |r 2025-01-15  |w 2019-11-20  |y BK  |k ICO